Photoactive Semiconductor Nanocrystal Quantum Dots (Запис № 451636)

МАРК-запис
000 -LEADER
fixed length control field 04540nam a22006135i 4500
001 - CONTROL NUMBER
control field 978-3-319-51192-4
003 - CONTROL NUMBER IDENTIFIER
control field DE-He213
005 - DATE AND TIME OF LATEST TRANSACTION
control field 20210118144706.0
007 - PHYSICAL DESCRIPTION FIXED FIELD--GENERAL INFORMATION
fixed length control field cr nn 008mamaa
008 - FIXED-LENGTH DATA ELEMENTS--GENERAL INFORMATION
fixed length control field 170125s2017 gw | s |||| 0|eng d
020 ## - INTERNATIONAL STANDARD BOOK NUMBER
International Standard Book Number 9783319511924
-- 978-3-319-51192-4
024 7# - OTHER STANDARD IDENTIFIER
Standard number or code 10.1007/978-3-319-51192-4
Source of number or code doi
050 #4 - LIBRARY OF CONGRESS CALL NUMBER
Classification number QD450-882
072 #7 - SUBJECT CATEGORY CODE
Subject category code PNR
Source bicssc
072 #7 - SUBJECT CATEGORY CODE
Subject category code SCI013050
Source bisacsh
072 #7 - SUBJECT CATEGORY CODE
Subject category code PNR
Source thema
082 04 - DEWEY DECIMAL CLASSIFICATION NUMBER
Classification number 541
Edition number 23
245 10 - TITLE STATEMENT
Title Photoactive Semiconductor Nanocrystal Quantum Dots
Medium [electronic resource] :
Remainder of title Fundamentals and Applications /
Statement of responsibility, etc edited by Alberto Credi.
250 ## - EDITION STATEMENT
Edition statement 1st ed. 2017.
264 #1 -
-- Cham :
-- Springer International Publishing :
-- Imprint: Springer,
-- 2017.
300 ## - PHYSICAL DESCRIPTION
Extent VIII, 174 p. 96 illus., 78 illus. in color.
Other physical details online resource.
336 ## -
-- text
-- txt
-- rdacontent
337 ## -
-- computer
-- c
-- rdamedia
338 ## -
-- online resource
-- cr
-- rdacarrier
347 ## -
-- text file
-- PDF
-- rda
490 1# - SERIES STATEMENT
Series statement Topics in Current Chemistry Collections,
Міжнародний стандартний серійний номер для назви серії (ISSN) 2367-4067
505 0# - FORMATTED CONTENTS NOTE
Formatted contents note Excited-State Dynamics in Colloidal Semiconductor Nanocrystals -- Semiconductor Quantum Dots with Photoresponsive Ligands -- Interfacing Luminescent Quantum Dots with Functional Molecules for Optical Sensing Applications -- Light-Harvesting Antennae Based on Silicon Nanocrystals -- Luminescent Rare-earth-based Nanoparticles: A Summarized Overview of their Synthesis, Functionalization, and Applications -- Recent Progress in Quantum Dot Based White Light-Emitting Devices -- Hybrid Semiconductor–Metal Nanorods as Photocatalysts. <or biological="" applications -- qds="" in="" biomolecular="" devices -- luminescent="" heteronanocrystals.
520 ## - SUMMARY, ETC.
Summary, etc The series Topics in Current Chemistry Collections presents critical reviews from the journal Topics in Current Chemistry organized in topical volumes. The scope of coverage is all areas of chemical science including the interfaces with related disciplines such as biology, medicine and materials science. The goal of each thematic volume is to give the non-specialist reader, whether in academia or industry, a comprehensive insight into an area where new research is emerging which is of interest to a larger scientific audience. Each review within the volume critically surveys one aspect of that topic and places it within the context of the volume as a whole. The most significant developments of the last 5 to 10 years are presented using selected examples to illustrate the principles discussed. The coverage is not intended to be an exhaustive summary of the field or include large quantities of data, but should rather be conceptual, concentrating on the methodological thinking that will allow the non-specialist reader to understand the information presented. Contributions also offer an outlook on potential future developments in the field.
506 ## - RESTRICTIONS ON ACCESS NOTE
Terms governing access Available to subscribing member institutions only. Доступно лише організаціям членам підписки.
506 ## - RESTRICTIONS ON ACCESS NOTE
Standardized terminology for access restriction Online access from local network of NaUOA.
506 ## - RESTRICTIONS ON ACCESS NOTE
Standardized terminology for access restriction Online access with authorization at https://link.springer.com/
506 ## - RESTRICTIONS ON ACCESS NOTE
Standardized terminology for access restriction Онлайн-доступ з локальної мережі НаУОА.
506 ## - RESTRICTIONS ON ACCESS NOTE
Standardized terminology for access restriction Онлайн доступ з авторизацією на https://link.springer.com/
650 #0 - SUBJECT ADDED ENTRY--TOPICAL TERM
Topical term or geographic name as entry element Physical chemistry.
650 #0 - SUBJECT ADDED ENTRY--TOPICAL TERM
Topical term or geographic name as entry element Semiconductors.
650 #0 - SUBJECT ADDED ENTRY--TOPICAL TERM
Topical term or geographic name as entry element Nanotechnology.
650 #0 - SUBJECT ADDED ENTRY--TOPICAL TERM
Topical term or geographic name as entry element Nanochemistry.
650 14 - SUBJECT ADDED ENTRY--TOPICAL TERM
Topical term or geographic name as entry element Physical Chemistry.
-- http://scigraph.springernature.com/things/product-market-codes/C21001
650 24 - SUBJECT ADDED ENTRY--TOPICAL TERM
Topical term or geographic name as entry element Semiconductors.
-- http://scigraph.springernature.com/things/product-market-codes/P25150
650 24 - SUBJECT ADDED ENTRY--TOPICAL TERM
Topical term or geographic name as entry element Nanotechnology.
-- http://scigraph.springernature.com/things/product-market-codes/Z14000
650 24 - SUBJECT ADDED ENTRY--TOPICAL TERM
Topical term or geographic name as entry element Nanochemistry.
-- http://scigraph.springernature.com/things/product-market-codes/C33000
700 1# - ADDED ENTRY--PERSONAL NAME
Personal name Credi, Alberto.
Relator term editor.
Relator code edt
-- http://id.loc.gov/vocabulary/relators/edt
710 2# - ADDED ENTRY--CORPORATE NAME
Corporate name or jurisdiction name as entry element SpringerLink (Online service)
773 0# - HOST ITEM ENTRY
Title Springer eBooks
776 08 - ADDITIONAL PHYSICAL FORM ENTRY
Display text Printed edition:
International Standard Book Number 9783319511917
776 08 - ADDITIONAL PHYSICAL FORM ENTRY
Display text Printed edition:
International Standard Book Number 9783319511931
776 08 - ADDITIONAL PHYSICAL FORM ENTRY
Display text Printed edition:
International Standard Book Number 9783319845920
830 #0 - SERIES ADDED ENTRY--UNIFORM TITLE
Uniform title Topics in Current Chemistry Collections,
-- 2367-4067
856 40 - ELECTRONIC LOCATION AND ACCESS
Uniform Resource Identifier <a href="https://doi.org/10.1007/978-3-319-51192-4">https://doi.org/10.1007/978-3-319-51192-4</a>
912 ## -
-- ZDB-2-CMS
942 ## - ADDED ENTRY ELEMENTS (KOHA)
Koha item type ЕКнига

Немає доступних примірників.